Das Terrorismus-Lexikon: Täter, Opfer, Hintergründe
| Authors: | ; ; |
|---|---|
| Format: | Print Book |
| Language: | German |
| Published: |
Frankfurt am Main
Eichborn
2006
|
| In: | Year: 2006 |
| Online Access: |
Table of Contents Table of Contents |
| Availability in Tübingen: | Present in Tübingen. IFK: C IX 537 |
| Check availability: | HBZ Gateway |
| Subito Delivery Service: | Order now. |
| Keywords: |
MARC
| LEADER | 00000cam a2200000 c 4500 | ||
|---|---|---|---|
| 001 | 512346879 | ||
| 003 | DE-627 | ||
| 005 | 20260206201120.0 | ||
| 007 | tu | ||
| 008 | 060524s2006 gw ||||| 00| ||ger c | ||
| 015 | |a 06,N23,0338 |2 dnb | ||
| 015 | |a 06,N23,0338 |2 dnb | ||
| 016 | 7 | |a 979690021 |2 DE-101 | |
| 020 | |a 3821856424 |c Gb. : EUR 24.90, EUR 25.60 (AT), sfr 43.90 |9 3-8218-5642-4 | ||
| 020 | |a 9783821856421 |9 978-3-8218-5642-1 | ||
| 024 | 3 | |a 9783821856421 | |
| 035 | |a (DE-627)512346879 | ||
| 035 | |a (DE-603)179739433 | ||
| 035 | |a (DE-576)25434108X | ||
| 035 | |a (DE-599)DNB979690021 | ||
| 035 | |a (OCoLC)219387237 | ||
| 035 | |a (OCoLC)73108549 | ||
| 035 | |a (AT-OBV)AC05616532 | ||
| 035 | |a (DE-604)BV021996239 | ||
| 035 | |a (DE-601)512346879 | ||
| 035 | |a (DE-615)00444372 | ||
| 035 | |a (DE-478)952348252 | ||
| 035 | |a (DE-H357)his32109 | ||
| 040 | |a DE-627 |b ger |c DE-627 |e rakwb | ||
| 041 | |a ger | ||
| 044 | |c XA-DE |c XA-DE-HE | ||
| 050 | 0 | |a HV6431 | |
| 082 | 0 | |a 300 | |
| 082 | 0 | 4 | |a 300 |
| 084 | |a POL 660 |2 sfb | ||
| 084 | |a RQ |2 fivr | ||
| 084 | |a SF06.02 |2 fivs | ||
| 084 | |a 3,6 |2 ssgn | ||
| 084 | |a MD 8980 |2 rvk |0 (DE-625)rvk/122572: | ||
| 084 | |a PH 8760 |q DE-24/22sred |2 rvk |0 (DE-625)rvk/136518: | ||
| 084 | |a MD 8920 |2 rvk |0 (DE-625)rvk/122569: | ||
| 084 | |a 89.58 |2 bkl | ||
| 100 | 1 | |a Dietl, Wilhelm |d 1955- |0 (DE-588)12186104X |0 (DE-627)081582811 |0 (DE-576)16073617X |4 aut | |
| 109 | |a Dietl, Wilhelm 1955- |a Dîṭl, Wîlhelm 1955- |a Diṭel, Ṿilhelm 1955- | ||
| 245 | 1 | 4 | |a Das Terrorismus-Lexikon |b Täter, Opfer, Hintergründe |c Wilhelm Dietl; Kai Hirschmann; Rolf Tophoven |
| 264 | 1 | |a Frankfurt am Main |b Eichborn |c 2006 | |
| 300 | |a 455 S. |b Ill. |c 220 mm x 150 mm | ||
| 336 | |a Text |b txt |2 rdacontent | ||
| 337 | |a ohne Hilfsmittel zu benutzen |b n |2 rdamedia | ||
| 338 | |a Band |b nc |2 rdacarrier | ||
| 500 | |a Literaturverz. S. 409 - 430 | ||
| 505 | 8 | |a Literaturverz. S. 409 - 430 | |
| 583 | 1 | |a Archivierung/Langzeitarchivierung gewährleistet |f SLG |x XA-DE-BW |z BfZ |2 pdager |5 DE-24 | |
| 650 | 0 | 7 | |0 (DE-588)4162078-1 |0 (DE-627)105465151 |0 (DE-576)209870818 |a Internationaler Terrorismus |2 gnd |
| 650 | 4 | |a Radicalism |x Dictionaries | |
| 650 | 4 | |a Terrorism | |
| 650 | 4 | |a Terrorism |x Dictionaries | |
| 650 | 4 | |a World Politics |x 1945- |x Dictionaries | |
| 650 | 4 | |a Terrorismus/Terrorismusbekämpfung | |
| 650 | 4 | |a Handbuch | |
| 650 | 4 | |a Register | |
| 650 | 4 | |a Literaturverzeichnis/Bibliographie | |
| 650 | 4 | |a terrorism/measures against terrorism | |
| 650 | 4 | |a manual | |
| 650 | 4 | |a Index | |
| 650 | 4 | |a Bibliography | |
| 650 | 4 | |a Global |x Internationaler Terrorismus |x Terrorismus |x Terroristen/Terrorgruppe |x Typologie |x Motivation |x Terrorismusbekämpfung | |
| 650 | 4 | |a Geschichtlicher Überblick |x Ethnischer Konflikt |x Sozialer Konflikt |x Staatsterrorismus |x Politischer Islam |x Militanter Islam |x Heiliger Krieg (Islam) | |
| 655 | 7 | |a Wörterbuch |0 (DE-588)4066724-8 |0 (DE-627)104682620 |0 (DE-576)209166061 |2 gnd-content | |
| 689 | 0 | 0 | |d s |0 (DE-588)4059534-1 |0 (DE-627)106143212 |0 (DE-576)209131136 |a Terrorismus |2 gnd |
| 689 | 0 | |5 DE-101 | |
| 700 | 1 | |a Hirschmann, Kai |d 1965- |0 (DE-588)124549756 |0 (DE-627)363414592 |0 (DE-576)170446549 |4 aut | |
| 700 | 1 | |a Tophoven, Rolf |d 1937- |0 (DE-588)132168359 |0 (DE-627)519016270 |0 (DE-576)163332800 |4 aut | |
| 856 | 4 | 2 | |u https://swbplus.bsz-bw.de/bsz25434108xinh.htm |m B:DE-576;DE-Mit1 |q application/pdf |v 20090401090959 |x Verlag |3 Inhaltsverzeichnis |7 1 |
| 856 | 4 | 2 | |u http://scans.hebis.de/HEBCGI/show.pl?17973943_toc.pdf |m V:DE-604 |q application/pdf |3 Inhaltsverzeichnis |7 1 |
| 935 | |i Blocktest | ||
| 935 | |h HEB |i 0501 | ||
| 935 | |h HEB |i 0503 | ||
| 936 | r | v | |a MD 8980 |b Politische Verfolgung, Terror des Staates |k Politologie |k Politische Theorie, Grundbegriffe des Politischen |k Politische Auseinandersetzung |k Politische Verfolgung, Terror des Staates |0 (DE-627)1271426609 |0 (DE-625)rvk/122572: |0 (DE-576)201426609 |
| 936 | r | v | |a PH 8760 |b Raub; Erpressung; Geiselnahme; Luftpiraterie; Politisch motivierte Gewaltverbrechen; Terrorismus; Gewalt gegen Ausländer |k Rechtswissenschaft |k Strafrecht, Strafverfahrensrecht, Kriminologie |k Kriminologie |k Einzelne Deliktsgruppen |k Gewaltkriminalität, Gewaltdelikt |k Raub; Erpressung; Geiselnahme; Luftpiraterie; Politisch motivierte Gewaltverbrechen; Terrorismus; Gewalt gegen Ausländer |0 (DE-627)1271914344 |0 (DE-625)rvk/136518: |0 (DE-576)201914344 |
| 936 | r | v | |a MD 8920 |b Terror, Gewalt, Mord |k Politologie |k Politische Theorie, Grundbegriffe des Politischen |k Politische Auseinandersetzung |k Terror, Gewalt, Mord |0 (DE-627)1271426560 |0 (DE-625)rvk/122569: |0 (DE-576)201426560 |
| 936 | b | k | |a 89.58 |j Politische Gewalt |0 (DE-627)106416960 |
| 936 | f | i | |0 (DE-627)1756134707 |a RQ |b Weltweit |k Weltweit |2 fivr |
| 936 | f | i | |0 (DE-627)1756135835 |a SF06.02 |b Terrorismus |k Staat |k Innere Sicherheit/Innerstaatlicher Konflikt |k Terrorismus |2 fivs |
| 936 | s | n | |a m100 |2 mzub |
| 936 | s | n | |a p100 |2 mzub |
| 936 | s | n | |a m200 |2 mzub |
| 938 | 1 | 0 | |0 (DE-627)1756191182 |0 (DE-615)6608518 |a Terrorismus |2 fivt |
| 951 | |a BO | ||
| ELC | |b 1 | ||
| LOK | |0 000 xxxxxcx a22 zn 4500 | ||
| LOK | |0 001 326340606X | ||
| LOK | |0 003 DE-627 | ||
| LOK | |0 004 512346879 | ||
| LOK | |0 005 20070510143603 | ||
| LOK | |0 008 070510||||||||||||||||ger||||||| | ||
| LOK | |0 040 |a DE-21-110 |c DE-627 |d DE-21-110 | ||
| LOK | |0 541 |e 07/132 | ||
| LOK | |0 689 |a s |a Terrorismus | ||
| LOK | |0 689 |a f |a Lexikon | ||
| LOK | |0 689 |a s |a Täter | ||
| LOK | |0 689 |a s |a Opfer | ||
| LOK | |0 689 |a s |a Ethno-nationaler Terrorismus | ||
| LOK | |0 689 |a s |a Sozialrevolutionärer Terrorismus | ||
| LOK | |0 689 |a s |a Staatsterrorismus | ||
| LOK | |0 689 |a s |a Islamismus | ||
| LOK | |0 689 |a s |a Dschihadismus | ||
| LOK | |0 689 |a s |a Terrorismusbekämpfung | ||
| LOK | |0 852 |a DE-21-110 | ||
| LOK | |0 852 1 |c C IX 537 |m p |9 00 | ||
| LOK | |0 936ln |a 10.2 | ||
| LOK | |0 938 |k p | ||
| LOK | |0 939 |a 10-05-07 |b l01 | ||
| ORI | |a SA-MARC-krimdoka001.raw | ||
| SIG | |a IFK: C IX 537 | ||
